000 00407nam a2200169Ia 4500
001 34332
003 IN-NITTTR
005 20251114232937.0
008 251113s9999||||xx |||||||||||||| ||eng||
040 _beng
040 _cIN-NITTTR
041 _aeng
082 _a621.3133 A95P
100 _aAdvani, R. C.
245 0 _aPrinciples of alternating currents and practice /
_cAdvani, R. C.
942 _2ddc
_cBK
999 _c4536
_d4536